|
|
|
|
| LEADER |
00000cam a2200000 i 4500 |
| 001 |
1/71890 |
| 008 |
960328s1984 gre d |
| 035 |
|
|
|a 1990
|b 1
|c Αγορά/Μεϊμάρης
|l 10031085
|
| 035 |
|
|
|a 1989
|b 1
|c Δωρεά
|
| 035 |
|
|
|a 1990
|b 1
|c Αγορά/Μεϊμάρης
|
| 040 |
|
|
|a GR-MY-UA
|b gre
|e aacr
|
| 041 |
0 |
|
|a gre
|
| 082 |
0 |
|
|a 519.50243
|2 (22)
|
| 100 |
1 |
|
|a Παρασκευόπουλος, Ιωάννης Ν.,
|d 1933-
|
| 245 |
1 |
0 |
|a Στοιχεία περιγραφικής και επαγωγικής στατιστικής /
|c Ιωάννης Ν. Παρασκεύοπουλος
|
| 260 |
|
|
|a Αθήνα :
|b [χ.ό.],
|c 1984
|
| 300 |
|
|
|a 190 σ.;
|c 24 εκ.
|
| 650 |
0 |
0 |
|a Social sciences
|x Statistical methods.
|
| 650 |
0 |
0 |
|a Psychology
|x Statistical methods.
|
| 650 |
0 |
0 |
|a Mathematical statistics.
|
| 650 |
0 |
0 |
|a Statistics.
|
| 852 |
|
|
|a INST
|b RHODES
|e 19960506
|h 519.50243 ΠΑΡ
|p 005400001688
|q 005400001688
|t BK
|y 0
|
| 852 |
|
|
|a INST
|b RHODES
|e 19960328
|h 519.50243 ΠΑΡ
|p 005400001689
|q 005400001689
|t BK
|y 0
|
| 852 |
|
|
|a INST
|b RHODES
|e 19960328
|h 519.50243 ΠΑΡ
|p 005400001690
|q 005400001690
|t BK
|y 0
|
| 852 |
|
|
|a INST
|b RHODES
|e 19960506
|h 519.50243 ΠΑΡ
|p 005400001691
|q 005400001691
|t BK
|y 0
|
| 852 |
|
|
|a INST
|b RHODES
|e 19971216
|h 519.50243 ΠΑΡ
|p 005400005040
|q 005400005040
|t BK
|y 0
|
| 852 |
|
|
|a INST
|b RHODES
|e 19971216
|h 519.50243 ΠΑΡ
|p 005400005041
|q 005400005041
|t BK
|y 0
|
| 852 |
|
|
|a INST
|b RHODES
|e 19971216
|h 519.50243 ΠΑΡ
|p 005400005042
|q 005400005042
|t BK
|y 0
|
| 852 |
|
|
|a INST
|b RHODES
|e 19971216
|h 519.50243 ΠΑΡ
|p 005400005043
|q 005400005043
|t BK
|y 0
|
| 852 |
|
|
|a INST
|b RHODES
|e 19971216
|h 519.50243 ΠΑΡ
|p 005400005044
|q 005400005044
|t BK
|y 0
|
| 852 |
|
|
|a INST
|b RHODES
|e 19971216
|h 519.50243 ΠΑΡ
|p 005400005045
|q 005400005045
|t BK
|y 0
|
| 852 |
|
|
|a INST
|b RHODES
|e 19971216
|h 519.50243 ΠΑΡ
|p 005400005046
|q 005400005046
|t BK
|y 0
|
| 852 |
|
|
|a INST
|b RHODES
|e 19971216
|h 519.50243 ΠΑΡ
|p 005400005047
|q 005400005047
|t BK
|y 0
|
| 852 |
|
|
|a INST
|b RHODES
|e 19971216
|h 519.50243 ΠΑΡ
|p 005400005048
|q 005400005048
|t BK
|y 0
|
| 852 |
|
|
|a INST
|b RHODES
|e 19971216
|h 519.50243 ΠΑΡ
|p 005400005049
|q 005400005049
|t BK
|y 0
|
| 852 |
|
|
|a INST
|b RHODES
|e 19960328
|h 519.50243 ΠΑΡ
|p 005400007853
|q 005400007853
|t BK
|y 0
|
| 852 |
|
|
|a INST
|b RHODES
|e 20030606
|h 519.50243 ΠΑΡ
|p 005400020264
|q 005400020264
|t BK
|y 0
|
| 852 |
|
|
|a INST
|b RHODES
|c AKA
|e 20090415
|h 519.50243 ΠΑΡ
|p 005400032056
|q 005400032056
|t BK
|y 0
|
| 909 |
|
|
|a Ρ
|b 012479
|c 1992
|
| 909 |
|
|
|a Ρ
|b 012480
|c 1992
|
| 909 |
|
|
|a Ρ
|b 016688
|c 1990
|
| 909 |
|
|
|a Ρ
|b 016687
|c 1990
|
| 909 |
|
|
|a Ρ
|b 016686
|c 1990
|
| 909 |
|
|
|a Ρ
|b 048851
|c 1997
|
| 909 |
|
|
|a Ρ
|b 048852
|c 1997
|
| 909 |
|
|
|a Ρ
|b 048853
|c 1997
|
| 909 |
|
|
|a Ρ
|b 048854
|c 1997
|
| 909 |
|
|
|a Ρ
|b 048855
|c 1997
|
| 909 |
|
|
|a Ρ
|b 048856
|c 1997
|
| 909 |
|
|
|a Ρ
|b 048857
|c 1997
|
| 909 |
|
|
|a Ρ
|b 048858
|c 1997
|
| 909 |
|
|
|a Ρ
|b 048859
|c 1997
|
| 909 |
|
|
|a Ρ
|b 048860
|c 1997
|
| 909 |
|
|
|a Ρ
|b 104882
|c 2003
|
| 909 |
|
|
|a Ρ
|b 157048
|
| 970 |
|
|
|a ΚΟΥΛΑΚΙΟΤΗ
|b ΛΙΤΣΑ
|z 2003/06/05
|